000 00646nam a2200241Ia 4500
003 OSt
005 20220925212538.0
006 a|||||r|||| 00| 0
007 ta
008 220923b |||||||| |||| 00| 0 eng d
020 _a0043350542
037 _cGeneral Book
040 _aRTL
_cRTL
_beng
041 _2eng
_aeng
082 _aX.58.N8, M6
100 _aNove Alec
_9121975
245 0 _aSocialism, eocnomics and development
260 _aLondon
_bAllen and Unwin
_c1986
300 _a243p.
_ccm.
650 _aEconomic Condition Russia
942 _hX.58.N8, M6
_cGB
_2CC
999 _c560588
_d560588